| 000 | 00562nam a2200145Ia 4500 | ||
|---|---|---|---|
| 008 | 100122s9999 xx 000 0 und d | ||
| 082 |
_b54293 _a821 |
||
| 100 | _aबागवे अशोक | ||
| 245 | _aआज इसवीसन ताजे टवटवीत वगैरे | ||
| 260 |
_bग्रंथाली प्रकाशन _c1997 |
||
| 300 | _a105 | ||
| 630 | _aआज इसवीसन ताजे टवटवीत वगैरे | ||
| 730 | _aआज इसवीसन ताजे टवटवीत वगैरे | ||
| 942 | _cBOOK | ||
| 999 |
_c431171 _d431168 |
||